South Eastern Kenya University

Library Online Public Access Catalogue


Business law today : (Record no. 8039)

MARC details
000 -LEADER
fixed length control field 00636cam a2200181 a 4500
020 ## - INTERNATIONAL STANDARD BOOK NUMBER
International Standard Book Number 9780324654547 (pbk.)
020 ## - INTERNATIONAL STANDARD BOOK NUMBER
International Standard Book Number 0324654545 (pbk.)
050 00 - LIBRARY OF CONGRESS CALL NUMBER
Classification number KF889
Item number .M52 2008
100 1# - MAIN ENTRY--PERSONAL NAME
Personal name Miller, Roger LeRoy.
245 10 - TITLE STATEMENT
Title Business law today :
Remainder of title the essentials : text & summarized cases : e-commerce, legal, ethical, and international environment /
Statement of responsibility, etc. Roger LeRoy Miller, Gaylord A. Jentz.
250 ## - EDITION STATEMENT
Edition statement 8th ed.
260 ## - PUBLICATION, DISTRIBUTION, ETC. (IMPRINT)
Place of publication, distribution, etc. Mason, OH [USA] :
Name of publisher, distributor, etc. Thomson/West,
Date of publication, distribution, etc. c2008.
300 ## - PHYSICAL DESCRIPTION
Extent 1 v. (various pagings) :
500 ## - GENERAL NOTE
General note Includes index.
650 ## - SUBJECT ADDED ENTRY--TOPICAL TERM
General subdivision United States ;
-- Commercial law.
700 1# - ADDED ENTRY--PERSONAL NAME
Personal name Jentz, Gaylord A.
942 ## - ADDED ENTRY ELEMENTS (KOHA)
Source of classification or shelving scheme Library of Congress Classification
Koha item type General circulation
Holdings
Withdrawn status Lost status Source of classification or shelving scheme Damaged status Not for loan Home library Current library Shelving location Date acquired Cost, normal purchase price Total Checkouts Full call number Barcode Date last seen Date last checked out Cost, replacement price Price effective from Koha item type Public note
    Library of Congress Classification     Main Campus Library Main Campus Library General Stacks 03/08/2015 9689.00 2 KF889 .M52 2008 2015/005966 13/11/2015 05/11/2015 10657.00 03/08/2015 General circulation Nzk
Kitui, Kenya.
+254736116989
library@seku.ac.ke